Aktuárska Matematika v dôchodkovom poistení bakalárska práca

Na minha lista:
Detalhes bibliográficos
Autor principal: Chomová, Veronika
Autor Corporativo: Fakulta hospodárskej informatiky EU. Katedra matematiky
Outros Autores: Škrovánková, Lea, 1954-
Formato: Livro
Idioma:eslovaco
Publicado em: Bratislava 2010
Tags: Adicionar Tag
Sem tags, seja o primeiro a adicionar uma tag!

MARC

LEADER 00000nam$a2200000$$$4500
001 0129319
005 20240320073625.8
041 0 |a slo 
044 |a SK 
245 1 0 |a Aktuárska Matematika v dôchodkovom poistení  |b bakalárska práca  |c Veronika Chomová ; školiteľ: Lea Škrovánková 
264 1 |a Bratislava  |c 2010 
300 |a 43 s. 
100 1 |a Chomová, Veronika 
700 1 |a Škrovánková, Lea, 1954- 
710 2 |a Fakulta hospodárskej informatiky EU. Katedra matematiky